Art of the Korean Renaissance, 1400-1600 / (Record no. 21554)

000 -LEADER
fixed length control field 02218cam a2200397 a 4500
001 - CONTROL NUMBER
control field 15579659
005 - DATE AND TIME OF LATEST TRANSACTION
control field 20170121152028.0
008 - FIXED-LENGTH DATA ELEMENTS--GENERAL INFORMATION
fixed length control field 090108s2009 nyuab bc 001 0 eng
010 ## - LIBRARY OF CONGRESS CONTROL NUMBER
LC control number 2009000590
015 ## - NATIONAL BIBLIOGRAPHY NUMBER
National bibliography number GBA906068
Source bnb
016 7# - NATIONAL BIBLIOGRAPHIC AGENCY CONTROL NUMBER
Record control number 014883441
Source Uk
020 ## - INTERNATIONAL STANDARD BOOK NUMBER
International Standard Book Number 9781588393104 (Metropolitan Museum of Art (hc))
020 ## - INTERNATIONAL STANDARD BOOK NUMBER
International Standard Book Number 1588393100 (Metropolitan Museum of Art (hc))
020 ## - INTERNATIONAL STANDARD BOOK NUMBER
International Standard Book Number 9780300148916 (Yale University Press (hc))
020 ## - INTERNATIONAL STANDARD BOOK NUMBER
International Standard Book Number 0300148917 (Yale University Press (hc))
035 ## - SYSTEM CONTROL NUMBER
System control number (OCoLC)ocn299242897
050 00 - LIBRARY OF CONGRESS CALL NUMBER
Classification number N7363.4.L44 2009
100 1# - MAIN ENTRY--PERSONAL NAME
Personal name Lee, Soyoung,
Dates associated with a name 1971-
245 10 - TITLE STATEMENT
Title Art of the Korean Renaissance, 1400-1600 /
Statement of responsibility, etc. Soyoung Lee ; with essays by JaHyun Kim Haboush, Sunpyo Hong, and Chin-Sung Chang.
260 ## - PUBLICATION, DISTRIBUTION, ETC. (IMPRINT)
Place of publication, distribution, etc. New York :
Name of publisher, distributor, etc. Metropolitan Museum of Art ;
Place of publication, distribution, etc. New Haven :
Name of publisher, distributor, etc. Yale University Press,
Date of publication, distribution, etc. c2009.
300 ## - PHYSICAL DESCRIPTION
Extent xii, 128 p. :
Other physical details ill. (chiefly col.), maps ;
Dimensions 28 cm.
500 ## - GENERAL NOTE
General note Published in conjunction with an exhibition on view at the Metropolitan Museum of Art, New York, Mar. 17-June 21, 2009.
504 ## - BIBLIOGRAPHY, ETC. NOTE
Bibliography, etc Includes bibliographical references (p. 115-121) and index.
505 0# - FORMATTED CONTENTS NOTE
Formatted contents note Creating a society of civil culture : the early Joseon, 1392-1592 / JaHyun Kim Haboush -- Art and patronage in the early Joseon / Soyoung Lee -- Peace under heaven : Confucianism and painting in early Joseon Korea / Sunpyo Hong and Chin-Sung Chang -- Checklist of objects in the exhibition / Soyoung Lee.
650 #0 - SUBJECT ADDED ENTRY--TOPICAL TERM
Topical term or geographic name as entry element Art, Korean
Chronological subdivision Chosŏn dynasty, 1392-1910
Form subdivision Exhibitions.
700 1# - ADDED ENTRY--PERSONAL NAME
Personal name Haboush, JaHyun Kim.
700 1# - ADDED ENTRY--PERSONAL NAME
Personal name Hong, Sunpyo,
Dates associated with a name 1949-
700 1# - ADDED ENTRY--PERSONAL NAME
Personal name Chang, Chin-Sung,
Dates associated with a name 1966-
710 2# - ADDED ENTRY--CORPORATE NAME
Corporate name or jurisdiction name as entry element Metropolitan Museum of Art (New York, N.Y.)
942 ## - ADDED ENTRY ELEMENTS (KOHA)
Source of classification or shelving scheme
Koha item type Hard Covered Materials

No items available.

© Machakos University Library, Along The Highway, Machakos Wote Rd, Machakos, Kenya P.O. Box 136 - 90100 Machakos - Kenya

Tel: ( +254 ) 723 805829 OR Fax : 044-20353 OR Email: library@mksu.ac.ke